000 00345nam a2200157Ia 4500
003 OSt
005 20231213113313.0
008 170524s9999 xx 000 0 und d
020 _a9788120316799
040 _cIIMT UNIVERSITY
100 _aPucknell Douglas
245 0 _aBasic VLSI Design
260 _bPHI
260 _c2006
942 _2ddc
_c02
999 _c5076
_d5076